Rozpoznaj miasto po tablicy rejestracyjnej woj. dolnośląskie - Statystyki

Ogólne statystyki
  • Ten quiz został rozwiązany 420 razy
  • Średni wynik to 17 z 30
Statystyki odpowiedzi
Rejestracja Miasto / powiat Odpowiedź % Poprawnych
DW Miasto Wrocław
95%
DJ Miasto Jelenia Góra
92%
DL Miasto Legnica
90%
DB Miasto Wałbrzych
74%
DWR powiat wrocławski
67%
DLE powiat legnicki
66%
DJE powiat jeleniogórski
65%
DLU powiat lubiński
65%
DDZ powiat dzierżoniowski
64%
DKL powiat kłodzki
62%
DBL powiat bolesławiecki
59%
DGL powiat głogowski
59%
DOL powiat oleśnicki
59%
DSW powiat świdnicki
56%
DZG powiat zgorzelecki
55%
DOA powiat oławski
54%
DTR powiat trzebnicki
51%
DJA powiat jaworski
50%
DPL powiat polkowicki
50%
DMI powiat milicki
49%
DZL powiat złotoryjski
48%
DLB powiat lubański
46%
DLW powiat lwówecki
45%
DSR powiat średzki
45%
DBA powiat wałbrzyski
43%
DKA powiat kamiennogórski
42%
DWL powiat wołowski
40%
DGR powiat górowski
38%
DST powiat strzeliński
38%
DZA powiat ząbkowicki
38%
Nie znaleziono quizów pasujących do podanych kryteriów
Rozkład punktacji
Procent ludzi z każdym wynikiem
Percentyl według liczby udzielonych odpowiedzi
Twoja historia wyników
Nie rozwiązałeś tego quizu